| 000 | 00701nam a2200241 a 4500 | ||
|---|---|---|---|
| 005 | 20210219152934.0 | ||
| 008 | 991125n 000 0 u | ||
| 035 | _aUPN01000067838 | ||
| 100 | _aHobbs, Steven A. | ||
| 222 | _aJOURNAL OF LEARNING DISABILITIES | ||
| 245 | _aCognitive development and learning in the pediatric organ transplant reciepient | ||
| 300 | _a104-113 | ||
| 362 | _a26, No. 2, 1993 | ||
| 505 | _aAgosto 1993 | ||
| 653 | 0 | _aENFERMEDADES | |
| 653 | 0 | _aNEUROPSICOLOGIA | |
| 653 | 0 | _aPROBLEMAS ESPECIALES DE SALUD | |
| 653 | 0 | _aPROCESOS COGNITIVOS | |
| 653 | 0 | _aRESULTADOS DEL TRATAMIENTO | |
| 700 | _aSexon, Sandra B. | ||
| 904 |
_aAC _b005649 |
||
| 905 | _aArticulo | ||
| 999 |
_c64215 _d64215 |
||